| 000 | 00577cam a2200217 4500 | ||
|---|---|---|---|
| 008 | 000000n2001 000 0 eng u | ||
| 020 | _a1860814689 | ||
| 035 | _a(Sirsi) u112086 | ||
| 041 | _aeng | ||
| 050 | _a690 | ||
| 110 | _aBuilding Research Establishment | ||
| 245 | _aRefixing ceramic wall tiles to internal walls. | ||
| 260 |
_aLondon _bCRC Ltd _c2001 |
||
| 300 | _a4p. : ill. ; 30cm. | ||
| 490 |
_aBRE Good Repair Guide _v29 |
||
| 650 | _aTILING | ||
| 650 | _aADHESION | ||
| 650 | _aJOINTS | ||
| 690 | _aBUILT ENVIRONMENT-BUILDING PATHOLOGY | ||
| 942 | _n0 | ||
| 999 |
_c101359 _d101359 |
||